00736nam a2200181 a 4500008004100000050001700041100001800058245009100076260003900167300000900206350000900215490004600224700002200270710001500292995010300307999001700410952012700427080926s2007 ||||||||||||||||| || u aIBRD(08)PRWP aHegre, Havard10aPopulation size, concentration, and civil war: a geographically disaggregated analysis aWashington, D.C.bWorld Bankc2007 a36p. a0.00 aWorld Bank policy research working papers aRaleigh, Clionadh aWorld Bank D0.00FCBU-MAIN LIBRARY (Kitwe)H1I0.00M4243UAVAILABLEWSep 26, 2008ZInternational Publications c54033d54033 00102lcc4070a001b001cInternational Publicationsd2022-11-30l0oIBRD(08)PRWPpZ03002952r2022-11-30w2022-11-30y002